000 00769cam a22002534a 4500
001 12489116
005 20180823085740.0
008 010731s2000 moua bf 001 0 eng
010 _a 2001272298
020 _a032301108X
040 _aDLC
_cDLC
_dDLC
041 _aeng
042 _apcc
080 _a610.7361
082 0 0 _a610.7361
_221
100 _a3
101 _aNIR
245 0 0 _aMosby's emergency nursing reference /
_c[edited by] Pamela S. Kidd, Patty Ann Sturt, Julia Fultz.
246 3 0 _aEmergency nursing reference
504 _aIncludes bibliographical references and index.
906 _a7
_bcbc
_corigcop
_d2
_encip
_f20
_gy-gencatlg
942 _2ddc
_cBK
999 _c47292
_d47292